[Event "U12 Blitz"]
[Site "austriaU12b"]
[Date "2020.12.11"]
[Round "7"]
[White "Feroe09"]
[Black "AdrianFischer"]
[Result "0-1"]
[WhiteElo "1495"]
[BlackElo "1636"]
[Annotator "NA RC"]
[PlyCount "105"]
[EventDate "2020.12.11"]
[EventType "blitz"]

1. e4 {[%emt 0:00:03]} c5 {[%emt 0:00:02]} 2. Nf3 {[%emt 0:00:01]} Nc6 {[%emt 0:00:01]} 3. d4 {[%emt 0:00:01]} cxd4 {[%emt 0:00:01]} 4. Nxd4 {[%emt 0:00:00]} Nf6 {[%emt 0:00:01]} 5. Nc3 {[%emt 0:00:02]} e5 {[%emt 0:00:01]} 6. Nf3 {[%emt 0:00:03]} Bb4 {[%emt 0:00:03]} 7. Bb5 {[%emt 0:00:06]} d6 {[%emt 0:00:03]} 8. Bg5 {[%emt 0:00:04]} Bxc3+ {[%emt 0:00:11]} 9. bxc3 {[%emt 0:00:03]} O-O {[%emt 0:00:01]} 10. Bxf6 {[%emt 0:00:03]} Qxf6 {[%emt 0:00:02]} 11. O-O {[%emt 0:00:04]} Bg4 {[%emt 0:00:04]} 12. h3 {[%emt 0:00:04]} Bxf3 {[%emt 0:00:02]} 13. Qxf3 {[%emt 0:00:01]} Qxf3 {[%emt 0:00:02]} 14. gxf3 {[%emt 0:00:00]} Rfd8 {[%emt 0:00:02]} 15. Rad1 {[%emt 0:00:02]} a6 {[%emt 0:00:02]} 16. Ba4 {[%emt 0:00:02]} b5 {[%emt 0:00:03]} 17. Bb3 {[%emt 0:00:01]} Rac8 {[%emt 0:00:04]} 18. Rd2 {[%emt 0:00:12]} Rc7 {[%emt 0:00:05]} 19. Rfd1 {[%emt 0:00:02]} Rcd7 {[%emt 0:00:02]} 20. Bd5 {[%emt 0:00:04]} Rc7 {[%emt 0:00:03]} 21. Bb3 {[%emt 0:00:05]} Rcd7 {[%emt 0:00:07]} 22. Bd5 {[%emt 0:00:02]} Nb8 {[%emt 0:00:01]} 23. Bb3 {[%emt 0:00:04]} a5 {[%emt 0:00:06]} 24. c4 {[%emt 0:00:02]} a4 {[%emt 0:00:02]} 25. cxb5 {[%emt 0:00:01]} axb3 {[%emt 0:00:02]} 26. cxb3 {[%emt 0:00:01]} h6 {[%emt 0:00:06]} 27. a4 {[%emt 0:00:02]} Kh7 {[%emt 0:00:03]} 28. b4 {[%emt 0:00:01]} f5 {[%emt 0:00:09]} 29. b6 {[%emt 0:00:05]} Nc6 {[%emt 0:00:09]} 30. b5 {[%emt 0:00:06]} Na5 {[%emt 0:00:01]} 31. Rd5 {[%emt 0:00:13]} Nc4 {[%emt 0:00:06]} 32. b7 {[%emt 0:00:07]} Rxb7 {[%emt 0:00:03]} 33. Rc1 {[%emt 0:00:09]} Nb6 {[%emt 0:00:03]} 34. a5 {[%emt 0:00:04]} Nxd5 {[%emt 0:00:02]} 35. a6 {[%emt 0:00:05]} Rxb5 {[%emt 0:00:03]} 36. exd5 {[%emt 0:00:01]} Ra8 {[%emt 0:00:03]} 37. Rc6 {[%emt 0:00:03]} Ra5 {[%emt 0:00:04]} 38. Rxd6 {[%emt 0:00:02]} R5xa6 {[%emt 0:00:01]} 39. Rd7 {[%emt 0:00:02]} R8a7 {[%emt 0:00:03]} 40. Rd8 {[%emt 0:00:03]} Kg6 {[%emt 0:00:03]} 41. Re8 {[%emt 0:00:01]} Kf6 {[%emt 0:00:05]} 42. Kg2 {[%emt 0:00:06]} Re7 {[%emt 0:00:02]} 43. Rf8+ {[%emt 0:00:04]} Kg6 {[%emt 0:00:09]} 44. Kg3 {[%emt 0:00:03]} Rd7 {[%emt 0:00:02]} 45. h4 {[%emt 0:00:05]} h5 {[%emt 0:00:04]} 46. f4 {[%emt 0:00:02]} exf4+ {[%emt 0:00:05]} 47. Kxf4 {[%emt 0:00:01]} Rxd5 {[%emt 0:00:01]} 48. f3 {[%emt 0:00:01]} Rd4+ {[%emt 0:00:01]} 49. Kg3 {[%emt 0:00:01]} Ra1 {[%emt 0:00:04]} 50. f4 {[%emt 0:00:04]} Rd3+ {[%emt 0:00:03]} 51. Kf2 {[%emt 0:00:04]} Ra2+ {[%emt 0:00:02]} 52. Ke1 {[%emt 0:00:01]} Rh3 {[%emt 0:00:03]} 53. Rf6+ {[%emt 0:00:09] Feroe09 resigns} 0-1

[Event "U12 Blitz"]
[Site "austriaU12b"]
[Date "2020.12.11"]
[Round "7"]
[White "Schragerlaufer"]
[Black "BaurechtJunior"]
[Result "0-1"]
[WhiteElo "1454"]
[BlackElo "1474"]
[Annotator "NA RC"]
[PlyCount "52"]
[EventDate "2020.12.11"]
[EventType "blitz"]

1. e4 {[%emt 0:00:08]} c5 {[%emt 0:00:01]} 2. c3 {[%emt 0:00:11]} Qa5 {[%emt 0:00:03]} 3. d4 {[%emt 0:00:17]} cxd4 {[%emt 0:00:02]} 4. Qxd4 {[%emt 0:00:15]} Nc6 {[%emt 0:00:02]} 5. Qd1 {[%emt 0:00:19]} Nf6 {[%emt 0:00:04]} 6. Bd3 {[%emt 0:00:28]} g6 {[%emt 0:00:03]} 7. Nf3 {[%emt 0:00:06]} d6 {[%emt 0:00:02]} 8. O-O {[%emt 0:00:06]} Bg7 {[%emt 0:00:02]} 9. h3 {[%emt 0:00:03]} O-O {[%emt 0:00:03]} 10. Be3 {[%emt 0:00:03]} Qh5 {[%emt 0:00:08]} 11. Be2 {[%emt 0:00:10]} Qa5 {[%emt 0:00:38]} 12. Nd4 {[%emt 0:00:06]} Nxe4 {[%emt 0:00:04]} 13. Qd3 {[%emt 0:00:10]} Nf6 {[%emt 0:00:10]} 14. Nd2 {[%emt 0:00:05]} Nd5 {[%emt 0:00:24]} 15. N2b3 {[%emt 0:00:08]} Qc7 {[%emt 0:00:07]} 16. Qe4 {[%emt 0:00:06]} Nxe3 {[%emt 0:00:04]} 17. Qxe3 {[%emt 0:00:02]} Bd7 {[%emt 0:00:31]} 18. Qf3 {[%emt 0:00:07]} Nxd4 {[%emt 0:00:05]} 19. Nxd4 {[%emt 0:00:04]} Bc6 {[%emt 0:00:03]} 20. Qf4 {[%emt 0:00:05]} e5 {[%emt 0:00:05]} 21. Qd2 {[%emt 0:00:12]} exd4 {[%emt 0:00:02]} 22. cxd4 {[%emt 0:00:01]} Qe7 {[%emt 0:00:14]} 23. Rfe1 {[%emt 0:00:03]} Qh4 {[%emt 0:00:08]} 24. Qb4 {[%emt 0:00:09]} Bxd4 {[%emt 0:00:13]} 25. Rf1 {[%emt 0:00:08]} Qg5 {[%emt 0:00:07]} 26. Qxd4 {[%emt 0:00:07]} Qxg2# {[%emt 0:00:03] Mate Mate} 0-1

[Event "U12 Blitz"]
[Site "austriaU12b"]
[Date "2020.12.11"]
[Round "7"]
[White "Tobinator13"]
[Black "Blitzpotz"]
[Result "0-1"]
[WhiteElo "1302"]
[BlackElo "1398"]
[Annotator "NA"]
[PlyCount "92"]
[EventDate "2020.12.11"]
[EventType "blitz"]

1. e4 {[%emt 0:00:02]} e5 {[%emt 0:00:04]} 2. Nf3 {[%emt 0:00:02]} Nc6 {[%emt 0:00:03]} 3. Bc4 {[%emt 0:00:05]} Bc5 {[%emt 0:00:02]} 4. Nc3 {[%emt 0:00:04]} d6 {[%emt 0:00:04]} 5. Ng5 {[%emt 0:00:06]} Qxg5 {[%emt 0:00:06]} 6. O-O {[%emt 0:00:04]} Bg4 {[%emt 0:00:14]} 7. d3 {[%emt 0:00:11]} Bxd1 {[%emt 0:00:11]} 8. Bxg5 {[%emt 0:00:02]} Bh5 {[%emt 0:00:08]} 9. Nb5 {[%emt 0:00:06]} Kd7 {[%emt 0:00:10]} 10. Rad1 {[%emt 0:00:13]} Bxd1 {[%emt 0:00:04]} 11. Rxd1 {[%emt 0:00:04]} Nd4 {[%emt 0:00:03]} 12. c3 {[%emt 0:00:07]} Nxb5 {[%emt 0:00:03]} 13. d4 {[%emt 0:00:03]} exd4 {[%emt 0:00:04]} 14. cxd4 {[%emt 0:00:02]} Nxd4 {[%emt 0:00:02]} 15. a3 {[%emt 0:00:03]} f6 {[%emt 0:00:07]} 16. Be3 {[%emt 0:00:04]} Ne6 {[%emt 0:00:06]} 17. Bxc5 {[%emt 0:00:03]} Nxc5 {[%emt 0:00:02]} 18. b4 {[%emt 0:00:03]} Nxe4 {[%emt 0:00:02]} 19. Bb5+ {[%emt 0:00:05]} c6 {[%emt 0:00:02]} 20. Bd3 {[%emt 0:00:05]} f5 {[%emt 0:00:02]} 21. Bxe4 {[%emt 0:00:03]} fxe4 {[%emt 0:00:02]} 22. a4 {[%emt 0:00:02]} d5 {[%emt 0:00:01]} 23. b5 {[%emt 0:00:02]} Ne7 {[%emt 0:00:02]} 24. bxc6+ {[%emt 0:00:04]} bxc6 {[%emt 0:00:01]} 25. Rb1 {[%emt 0:00:04]} Rab8 {[%emt 0:00:02]} 26. Rc1 {[%emt 0:00:09]} Rb4 {[%emt 0:00:06]} 27. a5 {[%emt 0:00:04]} Rhb8 {[%emt 0:00:03]} 28. h3 {[%emt 0:00:03]} Rb1 {[%emt 0:00:03]} 29. Rxb1 {[%emt 0:00:02]} Rxb1+ {[%emt 0:00:02]} 30. Kh2 {[%emt 0:00:00]} Ra1 {[%emt 0:00:02]} 31. f3 {[%emt 0:00:03]} exf3 {[%emt 0:00:03]} 32. gxf3 {[%emt 0:00:01]} Rxa5 {[%emt 0:00:02]} 33. f4 {[%emt 0:00:02]} Ra2+ {[%emt 0:00:03]} 34. Kg3 {[%emt 0:00:01]} Re2 {[%emt 0:00:03]} 35. Kg4 {[%emt 0:00:03]} h6 {[%emt 0:00:08]} 36. f5 {[%emt 0:00:02]} Re4+ {[%emt 0:00:06]} 37. Kf3 {[%emt 0:00:06]} Nxf5 {[%emt 0:00:04]} 38. Kf2 {[%emt 0:00:05]} Re3 {[%emt 0:00:03]} 39. Kg2 {[%emt 0:00:03]} a5 {[%emt 0:00:03]} 40. h4 {[%emt 0:00:06]} a4 {[%emt 0:00:03]} 41. Kf2 {[%emt 0:00:02]} a3 {[%emt 0:00:02]} 42. h5 {[%emt 0:00:02]} a2 {[%emt 0:00:02]} 43. Kg2 {[%emt 0:00:02]} a1=Q {[%emt 0:00:03]} 44. Kf2 {[%emt 0:00:03]} Qe1+ {[%emt 0:00:02]} 45. Kg2 {[%emt 0:00:02]} Rg3+ {[%emt 0:00:02]} 46. Kh2 {[%emt 0:00:02]} Qg1# {[%emt 0:00:02] Mate Mate} 0-1